000 00369nam a2200145Ia 4500
008 231129s2013||||xx |||||||||||||| ||spa||
020 _aISBN 10: 958-04-3398
040 _bspa
082 _a(i) 863 D111m
100 _aDa Coll Ivar
245 0 _aMedias dulces
260 _c2013
264 _aGrupo Editorial Norma
942 _2ddc
_cBKS
999 _c20850
_d20850